Australasian business statistics (Record no. 246569)

MARC details
000 -LEADER
fixed length control field 00550nam a2200193Ia 4500
008 - FIXED-LENGTH DATA ELEMENTS--GENERAL INFORMATION
fixed length control field 191130s2007##################000#0#eng##
020 ## - INTERNATIONAL STANDARD BOOK NUMBER
ISBN 9780470809440
082 ## - DEWEY DECIMAL CLASSIFICATION NUMBER
Classification number 650.015195 BLA
100 ## - MAIN ENTRY--AUTHOR NAME
Personal name Black, Ken
245 ## - TITLE STATEMENT
Title Australasian business statistics
Statement of responsibility, etc Ken Black ...[et al.]
260 ## - PUBLICATION, DISTRIBUTION, ETC. (IMPRINT)
Place of publication Hoboken, NJ
Name of publisher John Wiley & Sons
Year of publication 2007
300 ## - PHYSICAL DESCRIPTION
Number of Pages xxii, 951 p. : ill. ; 28 cm
650 ## - SUBJECT ADDED ENTRY--TOPICAL TERM
Topical Term Business Statistics
Topical Term Statistics
991 ## -
-- 361937
Holdings
Withdrawn status Lost status Damaged status Not for loan Home library Current library Shelving location Date acquired Full call number Accession Number Price effective from Koha item type
        Anna Centenary Library Anna Centenary Library 6TH FLOOR, A WING 13.10.2020 650.015195 BLA 134737 13.10.2020 English Books

Find us on the map